Los Jóvenes y la cultura . Continuidad y cambio /
Guardado en:
| Autor principal: | |
|---|---|
| Formato: | Texto |
| Materias: | |
| Etiquetas: |
Agregar Etiqueta
Sin Etiquetas, Sea el primero en etiquetar este registro!
|
MARC
| LEADER | 00000 a a2200000 04500 | ||
|---|---|---|---|
| 001 | 8959 | ||
| 003 | |||
| 040 | |||
| 100 | |a Chapela, Luz María | ||
| 245 | |a Los Jóvenes y la cultura . Continuidad y cambio / |c Luz María Chapela | ||
| 650 | |a JUVENTUD | ||
| 650 | |a CULTURA | ||
| 650 | |a FACTORES CULTURALES | ||
| 773 | |g volumen 1, número 4; páginas 92-99 | ||
| 999 | |c 27788 |d 27788 | ||
